LEADER 02160nam 2200421 450 001 9910795353403321 005 20231110220711.0 010 $a1-80262-918-1 035 $a(CKB)4950000000283662 035 $a(MiAaPQ)EBC6787947 035 $a(Au-PeEL)EBL6787947 035 $a(EXLCZ)994950000000283662 100 $a20220712d2021 uy 0 101 0 $aeng 135 $aurcnu|||||||| 181 $ctxt$2rdacontent 182 $cc$2rdamedia 183 $acr$2rdacarrier 200 00$aDesign thinking approach for healthy food experiences and well-being $econtributions to theory and practice /$fguest editors Wided Batat and Michela Addis 210 1$a[Place of publication not identified] :$cEmerald Publishing Limited,$d2021. 215 $a1 online resource (181 pages) 225 0 $aEuropean Journal of Marketing,$x0309-0566 ;$vVolume 55, Number 9 327 $aCover -- Guest editorial -- Designing food experiences for well-being: a framework advancing design thinking research from a customer experience perspective -- A "crescendo" model: designing food experiences for psychological well-being -- Encouraging healthier choices in supermarkets: a co-design approach -- Towards co-created food well being:culinary consumption, braggart word-of-mouth and therole of participative co-design, service provider support and C2C interactions -- Netnography and design thinking: development and illustration in the vegan food industry -- Visualizing food: photography as a design thinking tool to generate innovative food experiences that improve food well-being -- Digital technology-enabled transformative consumer responsibilisation: a case study. 410 0$aEuropean Journal of Marketing 606 $aLow-fat diet 606 $aFood industry and trade 615 0$aLow-fat diet. 615 0$aFood industry and trade. 676 $a613.25 702 $aBatat$b Wided 702 $aAddis$b Michela 801 0$bMiAaPQ 801 1$bMiAaPQ 801 2$bMiAaPQ 906 $aBOOK 912 $a9910795353403321 996 $aDesign thinking approach for healthy food experiences and well-being$93707971 997 $aUNINA LEADER 04763nam 2200613 450 001 9910788618803321 005 20170822144504.0 010 $a0-8218-9108-1 035 $a(CKB)3360000000464088 035 $a(EBL)3114441 035 $a(SSID)ssj0000888991 035 $a(PQKBManifestationID)11453160 035 $a(PQKBTitleCode)TC0000888991 035 $a(PQKBWorkID)10875998 035 $a(PQKB)10756585 035 $a(MiAaPQ)EBC3114441 035 $a(RPAM)17318775 035 $a(PPN)195419170 035 $a(EXLCZ)993360000000464088 100 $a20150416h20122012 uy 0 101 0 $aeng 135 $aur|n|---||||| 181 $ctxt 182 $cc 183 $acr 200 10$aHopf algebras and congruence subgroups /$fYorck Sommerha?user, Yongchang Zhu 210 1$aProvidence, Rhode Island :$cAmerican Mathematical Society,$d2012. 210 4$d©2012 215 $a1 online resource (134 p.) 225 1 $aMemoirs of the American Mathematical Society,$x0065-9266 ;$vVolume 219, Number 1028 300 $a"September 2012 , Volume 219, Number 1028 (first of 5 numbers)." 311 $a0-8218-6913-2 320 $aIncludes bibliographical references and index. 327 $a""Contents""; ""Abstract""; ""Introduction""; ""Chapter 1. The Modular Group""; ""1.1. Generators and relations""; ""1.2. Congruence subgroups""; ""1.3. Orbits and congruence relations""; ""1.4. Presentations of the reduced modular group""; ""Chapter 2. Quasitriangular Hopf Algebras""; ""2.1. Quasitriangular Hopf algebras""; ""2.2. The Drinfela???d double construction""; ""2.3. Integrals of the Drinfela???d double""; ""2.4. Twisting""; ""Chapter 3. Factorizable Hopf Algebras""; ""3.1. Doubles of quasitriangular Hopf algebras""; ""3.2. Factorizable Hopf algebras"" 327 $a""3.3. The coproduct of the evaluation form""""3.4. The double and the tensor product""; ""3.5. Integrals of factorizable Hopf algebras""; ""Chapter 4. The Action of the Modular Group""; ""4.1. The role of the integral""; ""4.2. The inverse of \ ""; ""4.3. Ribbon elements""; ""4.4. The linearity of the action""; ""4.5. Integrals, ribbon elements, and the double""; ""4.6. The modular group and the double""; ""Chapter 5. The Semisimple Case""; ""5.1. The character ring""; ""5.2. The Verlinde matrix""; ""5.3. Matrix identities""; ""5.4. A comparison""; ""5.5. The exponent"" 327 $a""5.6. Radforda???s example""""Chapter 6. The Case of the Drinfela???d Double""; ""6.1. The role of the evaluation form""; ""6.2. The new maps""; ""6.3. The first relation""; ""6.4. The second approach to the action of the modular group""; ""6.5. Matrix representations of the new maps""; ""Chapter 7. Induced Modules""; ""7.1. Induction""; ""7.2. Induction and duality""; ""7.3. The relation with the center construction""; ""7.4. The relation of the coherence properties""; ""7.5. Adjoint functors""; ""7.6. More coherence properties""; ""Chapter 8. Equivariant Frobenius-Schur Indicators"" 327 $a""8.1. Equivariant Frobenius-Schur indicators""""8.2. Indicators and duality""; ""8.3. The equivariance theorem""; ""8.4. The orbit theorem""; ""Chapter 9. Two Congruence Subgroup Theorems""; ""9.1. The action on the character ring""; ""9.2. Induction and multiplicities""; ""9.3. The congruence subgroup theorem for the Drinfela???d double""; ""9.4. The projective congruence subgroup theorem""; ""Chapter 10. The Action of the Galois Group""; ""10.1. The Galois group and the character ring""; ""10.2. The semilinear actions""; ""10.3. The action on the center"" 327 $a""10.4. Representations of the Drinfela???d double""""10.5. The equivariance of the isomorphism""; ""Chapter 11. Galois Groups and Indicators""; ""11.1. A digression on Frobenius algebras""; ""11.2. The invariance of the induced trivial module""; ""11.3. The action and the indicators""; ""11.4. Diagonal matrices""; ""11.5. The Galois group and the modular group""; ""Chapter 12. Galois Groups and Congruence Subgroups""; ""12.1. The Hopf symbol""; ""12.2. Properties of the Hopf symbol""; ""12.3. The Hopf symbol and the Jacobi symbol""; ""12.4. The linear congruence subgroup theorem""; ""Notes"" 327 $a""Bibliography"" 410 0$aMemoirs of the American Mathematical Society ;$vVolume 219, Number 1028. 606 $aHopf algebras 606 $aModular groups 615 0$aHopf algebras. 615 0$aModular groups. 676 $a512/.55 700 $aSommerha?user$b Yorck$f1966-$067460 702 $aZhu$b Yongchang 801 0$bMiAaPQ 801 1$bMiAaPQ 801 2$bMiAaPQ 906 $aBOOK 912 $a9910788618803321 996 $aHopf algebras and congruence subgroups$93743112 997 $aUNINA LEADER 01382nas 2200457- 450 001 9910263852103321 005 20200701074556.8 011 $a2234-408X 035 $a(OCoLC)1047634559 035 $a(CKB)1000000000107930 035 $a(CONSER)--2020234044 035 $a(EXLCZ)991000000000107930 100 $a20160630a19809999 --r k 101 0 $akor 135 $aur|n||||||||| 181 $ctxt$2rdacontent 182 $cc$2rdamedia 183 $acr$2rdacarrier 200 00$aAdonghakoeji 210 1$aGwangju, Republic of Korea :$cKorean Association of Child Studies,$d[1980-] 215 $a1 online resource 300 $aRefereed/Peer-reviewed 311 08$a1226-1688 606 $aChild development$vPeriodicals 606 $aChild care services$vPeriodicals 606 $aChild welfare$vPeriodicals 606 $aChild welfare$2fast$3(OCoLC)fst00854709 606 $aChild development$2fast$3(OCoLC)fst00854393 606 $aChild care services$2fast$3(OCoLC)fst00854326 608 $aPeriodicals.$2fast 615 0$aChild development 615 0$aChild care services 615 0$aChild welfare 615 7$aChild welfare. 615 7$aChild development. 615 7$aChild care services. 712 02$aHan'guk Adong Hakhoe, 906 $aJOURNAL 912 $a9910263852103321 996 $aAdonghakoeji$92963685 997 $aUNINA LEADER 04667oam 2201129 c 450 001 9910476920603321 005 20260302090207.0 010 $a9783839435472 010 $a3839435471 024 7 $a10.14361/9783839435472 035 $a(CKB)3710000001185861 035 $a(MiAaPQ)EBC4863412 035 $a(DE-B1597)473399 035 $a(OCoLC)984643136 035 $a(DE-B1597)9783839435472 035 $a(MiAaPQ)EBC6695132 035 $a(Au-PeEL)EBL6695132 035 $a(ScCtBLL)41c40975-bd58-4511-b3ef-e5a2022bdfb1 035 $a(transcript Verlag)9783839435472 035 $a(Perlego)1461482 035 $a(oapen)doab68248 035 $a(EXLCZ)993710000001185861 100 $a20260302d2017 uy 0 101 0 $aeng 135 $aurcnu|||||||| 181 $2rdacontent 182 $2rdamedia 183 $2rdacarrier 200 10$aSquatting in Rio de Janeiro$eConstructing Citizenship and Gender from Below$fBea Wittger 205 $a1st ed. 210 $aBielefeld$ctranscript Verlag$d2017 215 $a1 online resource (359 pages) 225 0 $aUrban Studies 311 08$a9783837635478 311 08$a3837635473 320 $aIncludes bibliographical references. 327 $aFrontmatter 1 Table of Contents 5 List of Acronyms 7 Acknowledgements 9 1. Introduction 11 2. Theoretical and Historical Framework 33 3. Insights into the Squats 115 4. Doing Citizenship and Gender from Below 187 5. Conclusion 315 Bibliography 331 330 $aThe Brazilian Constitution provides a remarkable set of social rights, including the right to housing. Despite this fact, struggles for decent living conditions have become key issues in the daily urban lives of many people in Brazil. Contesting the differentiated access to housing, social movements occupy empty buildings in the cities to challenge historically-rooted and excluding urban politics. Exploring the occupants' agency, Bea Wittger draws attention to the important role of female actors within the buildings. Through oral histories of participants of two squats in Rio de Janeiro, the book delivers a deep insight "from below" into their own perspectives on citizenship and gender. 330 1 $aBesprochen in:C3 - Bibliothek für Entwicklungspolitik, 5 (2017)Fraunhofer IRB, 5 (2017) 330 1 $a»Mit ihrem Buch gibt Bea Witters dezidierte Einblicke in die alltägliche Auseinandersetzung darum wie ein Recht auf Wohnen von den Besetzer_innen verwirklicht bzw. verteidigt wird und welche An- und Widersprüche damit verbunden sind.« 330 1 $a»Eine lesenswerte, in Teilen gegenüber der eigenen Position als Wissenschaftlerin sehr selbstkritische Studie, die Einblicke in heterogene Lebensentwürfe und Denkweisen zweier Hausbesetzungen in Rio de Janeiro zulässt.« 410 0$aUrban studies (Bielefeld, Germany) 517 2 $aWittger, Squatting in Rio de Janeiro$eConstructing Citizenship and Gender from Below 606 $aSocial Movements 606 $aHousing Movements 606 $aSquatting 606 $aSquatters Movement 606 $aGender 606 $aGender Relations 606 $aCitizenship 606 $aPentecostalism 606 $aReligion 606 $aUrban History 606 $aUrban Studies 606 $aCities 606 $aLatin America 606 $aBrazil 606 $aRio De Janeiro 606 $aUrban Politics 606 $aOral History 606 $aCity 606 $aPolitics 606 $aGender Studies 606 $aPolitical Sociology 606 $aSociology 615 4$aSocial Movements 615 4$aHousing Movements 615 4$aSquatting 615 4$aSquatters Movement 615 4$aGender 615 4$aGender Relations 615 4$aCitizenship 615 4$aPentecostalism 615 4$aReligion 615 4$aUrban History 615 4$aUrban Studies 615 4$aCities 615 4$aLatin America 615 4$aBrazil 615 4$aRio De Janeiro 615 4$aUrban Politics 615 4$aOral History 615 4$aCity 615 4$aPolitics 615 4$aGender Studies 615 4$aPolitical Sociology 615 4$aSociology 676 $a305.420981 700 $aWittger$b Bea$p

Bea Wittger, Universität zu Köln, Deutschland

$4aut$0868580 712 02$aKnowledge Unlatched - KU Select 2020: Backlist Collection$4fnd$4http://id.loc.gov/vocabulary/relators/fnd 801 0$bMiAaPQ 801 1$bMiAaPQ 801 2$bMiAaPQ 906 $aBOOK 912 $a9910476920603321 996 $aSquatting in Rio de Janeiro$91938933 997 $aUNINA